000 00560nam a22001937a 4500
003 KOHA_MİRAKIL
005 20250429171303.0
008 250429b tu ||||| |||| 00| 0 tur d
020 _a9789753624138
040 _aTR-AnABB
_btur
_cTR-AnABB
041 _atur
082 _a813.42
_bYIL 2020
100 _aYıldız, Ahmed Günbay,
245 1 0 _aÜlkemin açmayan çiçekleri /
_cAhmet Günbay Yıldız
260 _aİstanbul :
_bTimaş Yayınları,
_c2020
300 _a216 sayfa ;
_c20 cm
650 0 4 _aTürk edebiyatı, roman
942 _2ddc
_cBK
999 _c8868
_d8868
900 _bGizem YORULMAZ